000 00414nam a22001337a 4500
020 _a9789699837043
082 _a297.63 AFR
100 _aAfrasiab
_99224
245 _aThe greatest man in history is muammad peace be upon him
260 _aIslamabad
_bThe Army Publishing House, Islamabad
_c2018
300 _avii,641 P
650 _aThe Greatest Man In History Is MUHAMMAD Peace be upon him
_969530
942 _cBK
999 _c576771
_d576771